000 01264nam a2200253Ia 4500
999 _c52580
_d52580
001 19604
003 GE_BSU
005 20200729184713.0
008 181216s1991||||ge |||||||||||||| ||geo||
040 _cGE_BSU
041 _ageo
080 _a81'1(075.8) ნ-40
100 _aნებიერიძე, გივი
_97700
245 _aენათმეცნიერების შესავალი :
_bპედ. ინსტიტუტების ფილოლოგიის ფაკ-ტის სტუდენტთა სახელმძღვ. /
_c გივი ნებიერიძე ; რედ. ალ. ღლონტი.
264 _aთბილისი :
_bგანათლება,
_c1991.
300 _a325 გვ. :
_bილ. ;
_c21 სმ.
504 _aბიბლიოგრ. გვ. 322
541 _h6ლ.40თ.
653 _aენათმეცნიერება
653 _aენათმეცნიერების შესავალი
653 _aსახელმძღვანელოები უმაღლესი სასწავლებლებისათვის
700 _aღლონტი, ალ.
_eრედაქტორი
_91038
942 _cBK
_2udc